000 00957nam a22002651u 4500
001 12603
003 HDC
007 cr bn ---
008 210209p2000 my eng
040 _aHDC
100 _aYeoh, Quee Lan,
_eauthor
_913320
245 0 _aShelf-life of minimally processed Swiss steak /
_cby Yeoh Quee Lan, Chuah Eng Chong and Mohd. Yunus Jaafar
260 _aSerdang :
_bMalaysian Agricultural Research and Development Institute (MARDI),
_c2000
300 _a1 page
336 _atext
_2rdacontent
337 _acomputer
_2rdamedia
338 _aonline resource
_2rdacarrier
650 _aMicrobiological quality
_913322
650 _aMinimally processed
_912566
650 _aSous vide
_913321
856 _zRequest full-text at [email protected]
942 _2lcc
942 _cAR
942 _kJART 003167
999 _c9926
_d9926